00373nam a2200157Ia 45000010006000000050017000060080041000230410008000640820017000721000039000892450034001282600009001623000028001716500008001996540008002072477620260414151106.0260414t2010||||xx |||||||||||||| ||spa|| aESP a345.733bP43 aPérez Gallardo, Leonardo B.eAUT 0aEnsayos de derecho notarialb c2010 a125 páginas :c20 cm. aDER aCDE